000 01177nam a22003017a 4500
003 EG-GICUC
005 20260121101451.0
008 251211s1973 ua ||||fr|||| 00| 0 ara d
040 _a EG-GICUC
_bara
_c EG-GICUC
_d EG-GICUC
_erda
041 0 _aara
082 0 4 _221
_a341.84
_bس ا . ا
092 0 4 _221
099 _aLaw1 12 341.84 س ا . ا 1973
100 0 _aسامية راشد
_eمؤلف.
245 1 2 _aالأحكام الوضعية في تنازع القوانين .
_nالمجلد الثاني /
_cسامية راشد.
264 1 _aالقاهرة :
_bدار النهضة العربية،
_c1973.
300 _a176 صفحة ؛
_c24 سم.
336 _2rda content
_atext
337 _2rda media
_aComputer
338 _2rda carrier
_aOnline Resource
504 _aيحتوي على ارجاعات ببليوجرافية
546 _aالنص أغلبه باللغة العربية بعض النصوص الإنجليزية والفرنسية
650 1 4 _aتنازع القوانين
_xقانون دولي
_2qrmak
651 1 _2qrmak
856 4 0 _uhttps://fll.law.cu.edu.eg/fulltext/bks/B12-01115.pdf
905 _a75
_eHassnaa
942 _2ddc
_n0
_cBK
_e21
999 _c49775
_d49775